Avances en biotecnología ambiental: tratamiento de residuos líquidos y sólidos

Saved in:
Bibliographic Details
Main Author: Chamy Maggy, Rolando (Author)
Format: Book
Language:Spanish
Published: Valparaíso Ediciones Universitarias de Valparaíso 2005
Edition:2a. ed
Series:Ingeniería
Subjects:
Tags: Add Tag
No Tags, Be the first to tag this record!

MARC

LEADER 00000nam a2200000 a 4500
001 UCH1758
003 CL-VaPUC
008 090514e20050000CL |||||||||||||||||spa|d
020 |a 9561703416 
082 0 4 |a 628.162  |b CHA  |2 21 
100 0 |a Chamy Maggy, Rolando  |e author  |9 536290 
245 1 0 |a Avances en biotecnología ambiental: tratamiento de residuos líquidos y sólidos 
250 |a 2a. ed 
300 |a 255 p 
942 |c BK 
945 |d 20090514 00:00:00  |a rbrito 
260 |a Valparaíso  |b Ediciones Universitarias de Valparaíso  |c 2005 
650 7 |a TRATAMIENTOS DE RESIDUOS  |2 CL-VaPUC  |9 474925 
650 0 |a Protección del medio ambiente  |9 257626 
650 0 |a Residuos líquidos   |9 402832 
650 0 |a Biotecnología   |9 259561 
650 0 |a Residuos sólidos   |9 367336 
583 |a last modification  |c 20090514 00:00:00  |k Rodrigo Vera 
490 0 |a Ingeniería 
999 |c 333673  |d 333671 
952 |0 0  |1 0  |4 0  |6 628_162000000000000_CHA_2005  |7 0  |8 X  |9 422238  |a FDOBUD  |b FDOBUD  |d 2019-11-22  |i 4546156  |o 628.162 CHA 2005  |p 4546156  |r 2019-11-22  |w 2019-11-22  |y BK_X  |k FHP